Dá sa kvalita života merať?

Úvahy o ontológii individuálneho zmyslu života. Rôzne komponenty kvality žIvota. Veľkú časť tvorí životný štandard, ktorého ukazovatele možno dobre merať. Ďalšie komponenty kvality života, ako sloboda, šťastie, umenie/estetickosť, kvalita životného prostredia a inovácia sú len veľmi ťažko merateľné...

Descripción completa

Guardado en:
Detalles Bibliográficos
Autor principal: Bianchi, Gabriel
Formato: Capítulo de libro
Lenguaje:eslovaco
Materias:
Etiquetas: Agregar Etiqueta
Sin Etiquetas, Sea el primero en etiquetar este registro!

MARC

LEADER 00000naa$a2200000$$$4500
001 0039087
005 20230928075512.1
041 0 |a slo 
044 |a SK 
245 1 0 |a Dá sa kvalita života merať?  |c Gabriel 
520 |a Úvahy o ontológii individuálneho zmyslu života. Rôzne komponenty kvality žIvota. Veľkú časť tvorí životný štandard, ktorého ukazovatele možno dobre merať. Ďalšie komponenty kvality života, ako sloboda, šťastie, umenie/estetickosť, kvalita životného prostredia a inovácia sú len veľmi ťažko merateľné. Osobitnú dôležitosť má dnes zisťovanie kvality života v oblasti zdravia a zdravotnej starostlivosti. Zmysel ľudského konania - eudaimonia. Kvalita života ako kvázi stacionárne ekvilibrium v kontexte kultúry. Pokusy o operacionalizáciu a zisťovanie kvality života. Na účely odhadu miery kvality života v určitej krajine boli vyvinuté viaceré indikátory a indexy . Index kvality života - (Quality of life index - QoLI), ktorý sa skladá z deviatich ukazovateľov. Index ľudského rozvoja (Human development index - HDI). "Subjektivistické" prístupy pri hľadaní východísk zisťovania kvality života. 
610 2 0 |a kvalita života 
610 2 0 |a meranie 
610 2 0 |a ukazovatele 
610 2 0 |a indexy 
610 2 0 |a index rozvoja ľudského 
100 1 |a Bianchi, Gabriel